000 00537nam a2200169Ia 4500
003 IN-BaIIA
008 211028s9999 xx 000 0 eng d
040 _cIIA Library
080 _a62.1
_bHUG
100 _aHuggins, William
_92459
245 4 _aThe royal society of science in the state and in the school
_cWilliam Huggins
260 _aLondon
_bMethuen
_c1906
300 _axv, 131p.
650 _aAstronomy and Astrophysics thesaurus
650 _aHistory-Royal Society
_92460
942 _cBK
999 _c1172
_d1172